[Event "ROM-ch U10 Boys"]
[Site "Voineasa"]
[Date "2008.04.14"]
[Round "4"]
[White "Patrana, Andrei"]
[Black "Scripcaru, George Daniel"]
[Result "0-1"]
[WhiteElo "500"]
[BlackElo "401"]
[PlyCount "64"]
[EventDate "2008.04.08"]
[EventType "swiss"]
[EventRounds "9"]
[EventCountry "ROU"]
[SourceTitle "EXT 2013"]
[Source "ChessBase"]
[SourceDate "2012.11.22"]
[SourceVersion "1"]
[SourceVersionDate "2012.11.22"]
[SourceQuality "1"]

1. e4 c6 2. d4 d5 3. e5 Bf5 4. Bd3 Bxd3 5. Qxd3 e6 6. Nf3 Ne7 7. 0-0 Ng6 8. Nc3 Be7 9. Be3 0-0 10. Ne2 Nd7 11. Ng3 f6 12. h3 Qc7 13. exf6 Bxf6 14. a3 e5 15. dxe5 Ndxe5 16. Nxe5 Bxe5 17. Bd4 Rf7 18. Bxe5 Nxe5 19. Qe3 Nc4 20. Qc3 Raf8 21. Nh1 Rf6 22. b3 Nd6 23. Qe5 Qd7 24. Rae1 Rg6 25. Ng3 Ne4 26. a4 Nxg3 27. fxg3 Rxf1+ 28. Rxf1 h6 29. Qf4 Kh7 30. Kh2 Qe7 31. Qf7 Qe4 32. Qxb7 Qxc2 0-1